00392nam a2200145Ia 4500008004100000020001500041041001200056082001100068100002100079245007300100260002500173300000800198650001900206700002100225221030s9999 xx 000 0 und d a8120339668 aEnglish a105.23 aA. C. Srivastava 0aEngineeing Mathematics Vol. Icby A. C. Srivastava, P. K. Srivastava bPHIaNew Delhic2010 a615 aBE Mathematics aP. K. Srivastava